[Event "4NCL Division 3 North"]
[Site "Bolton, ENG"]
[Date "2018.02.11"]
[Round "6.202"]
[White "Altham, John T"]
[Black "Bennett, Patrick"]
[Result "1/2-1/2"]
[WhiteElo "1892"]
[BlackElo "2008"]
[PlyCount "53"]
[EventDate "2018.02.11"]
[WhiteTeam "Manchester Manticores 3"]
[BlackTeam "Holmes Chapel"]

1. d4 g6 2. Bf4 d6 3. Nc3 Bg7 4. e4 Nd7 5. Nf3 a6 6. a4 e5 7. dxe5 dxe5 8. Be3
Ngf6 9. h3 O-O 10. Bc4 Qe7 11. O-O Nc5 12. Nd5 Nxd5 13. exd5 Bd7 14. c3 b5 15.
axb5 axb5 16. Be2 Ne4 17. Qb3 Nd6 18. Bc5 Rfd8 19. Rxa8 Rxa8 20. Bxb5 Rb8 21.
c4 Bxb5 22. cxb5 Qd7 23. Re1 Qxb5 24. Qxb5 Rxb5 25. b4 e4 26. Ng5 Bc3 27. Rb1
1/2-1/2

[Event "4NCL Division 3 North"]
[Site "Bolton, ENG"]
[Date "2018.02.11"]
[Round "6.205"]
[White "Turner, John M"]
[Black "Potter, Steven"]
[Result "0-1"]
[WhiteElo "1989"]
[BlackElo "1840"]
[PlyCount "98"]
[EventDate "2018.02.11"]
[WhiteTeam "Holmes Chapel"]
[BlackTeam "Manchester Manticores 3"]

1. e4 e6 2. d4 b6 3. Bd3 Bb7 4. Nf3 c5 5. Qe2 Be7 6. O-O Nc6 7. dxc5 bxc5 8. c3
Qc7 9. Na3 a6 10. Nc4 Nf6 11. Bg5 h6 12. Bh4 e5 13. Bxf6 Bxf6 14. Ne3 O-O 15.
Nd5 Qd8 16. Rfd1 Nb8 17. Bc4 Bxd5 18. Rxd5 Qc7 19. Rad1 Rd8 20. Qd3 Ra7 21. Nd2
Nc6 22. Nb3 Ne7 23. Rd6 a5 24. a4 Nc8 25. Ra6 Rxa6 26. Bxa6 Nb6 27. Bc4 Nxa4
28. Bxf7+ Kxf7 29. Qc4+ d5 30. Qxa4 c4 31. Qxa5 Qb7 32. Nd2 Qxb2 33. Nf1 d4 34.
Qc7+ Kg6 35. Qxc4 dxc3 36. Rxd8 Bxd8 37. Qe6+ Bf6 38. h4 c2 39. h5+ Kh7 40.
Qf5+ Kg8 41. Qe6+ Kf8 42. Qc8+ Ke7 43. Qc7+ Ke8 44. Qc8+ Bd8 45. Qe6+ Kf8 46.
Qc8 Ke7 47. Qc5+ Kd7 48. Qd5+ Kc7 49. Qc5+ Kb8 0-1

[Event "4NCL Division 3 North"]
[Site "Bolton, ENG"]
[Date "2018.02.11"]
[Round "6.208"]
[White "Jones, Neil T"]
[Black "McLaughlin, Noel S"]
[Result "1/2-1/2"]
[WhiteElo "1862"]
[BlackElo "1961"]
[PlyCount "60"]
[EventDate "2018.02.11"]
[WhiteTeam "Manchester Manticores 3"]
[BlackTeam "Holmes Chapel"]

1. e4 Nf6 2. e5 Nd5 3. d4 d6 4. Nf3 Bg4 5. Be2 e6 6. O-O Be7 7. c4 Nb6 8. exd6
cxd6 9. b3 N8d7 10. Bb2 O-O 11. Nbd2 a5 12. a4 Re8 13. Rc1 h6 14. Re1 Bh5 15.
Nb1 Nf6 16. Nc3 Nc8 17. Nd2 Bxe2 18. Qxe2 Na7 19. Qf3 Qd7 20. d5 e5 21. c5 dxc5
22. Nc4 Nc8 23. Nxe5 Qd8 24. Rcd1 Nd6 25. Nc4 Bf8 26. Rxe8 Nfxe8 27. Qe3 Nf5
28. Qh3 Ned6 29. Nxd6 Nxd6 30. Qd3 Qe7 1/2-1/2

[Event "4NCL Division 3 North"]
[Site "Bolton, ENG"]
[Date "2018.02.11"]
[Round "6.15"]
[White "Davison, Colin F S"]
[Black "Moran, Stephen"]
[Result "1/2-1/2"]
[WhiteElo "1863"]
[BlackElo "2127"]
[PlyCount "105"]
[EventDate "2018.02.11"]
[WhiteTeam "Cheddleton 2"]
[BlackTeam "Gonzaga"]

1. e4 e6 2. d4 d5 3. exd5 exd5 4. Nf3 Bd6 5. c4 dxc4 6. Bxc4 Nf6 7. O-O O-O 8.
h3 Nbd7 9. Nc3 Nb6 10. Bb3 h6 11. Re1 c6 12. Bd2 Bf5 13. Ne5 Nbd5 14. Qf3 Be6
15. Rad1 Re8 16. Ne4 Nxe4 17. Rxe4 Nf6 18. Bxe6 Rxe6 19. Bc3 Qe7 20. Ree1 Re8
21. Nd3 Nd5 22. Rxe6 Qxe6 23. Re1 Qd7 24. Rxe8+ Qxe8 25. Bd2 Qe6 26. Qg4 Qxg4
27. hxg4 Kf8 28. Kf1 Ke7 29. Ke2 Ke6 30. f3 b6 31. a3 a5 32. Kd1 g5 33. Ke2 Bg3
34. Kd1 Bd6 35. Ke2 Bg3 36. Kd1 f6 37. Ke2 Bb8 38. Kd1 Bc7 39. Ke2 Bb8 40. Kd1
Bd6 41. Ke2 Bg3 42. b4 a4 43. Nb2 b5 44. Nd3 Bd6 45. Kd1 Nb6 46. Nb2 Kd5 47.
Bc3 Bh2 48. Kc2 Bg1 49. Kd3 Nc8 50. Nd1 Nd6 51. Ba1 Nc4 52. Nc3+ Kd6 53. d5
1/2-1/2